000 00462nam a22001817a 4500
003 CEME
005 20210628203411.0
008 210118b xxu||||| |||| 00| 0 eng d
020 _a1-55734-682-8
040 _cceme
082 _a 030 VOW
100 _aLeon, Dee
_965201
245 _a Vowels basic skills series
260 _aNEW YORK
_bTEACHER CREATED MATERIALS
_c1994
300 _a144P
650 _aVOWELS BASIC SKILLS SERIES
_965202
942 _cBK
_2ddc
999 _c573487
_d573487